[Event "12sen.WM-H Naumburg"]
[Site "Naumburg/Saale(20.10.-03.11.)"]
[Date "2002.10.24"]
[Round "4"]
[White "Gruzmann, Boris"]
[Black "Unzicker, Wolfgang"]
[Result "0-1"]
[WhiteElo "2265"]
[BlackElo "2432"]
[PlyCount "114"]
[EventDate "2002.11.??"]

1. e4 e5 2. Nf3 Nc6 3. Bb5 a6 4. Ba4 Nf6 5. O-O Be7 6. Re1 b5 7. Bb3 O-O 8. h3
d6 9. c3 Na5 10. Bc2 c5 11. d4 Qc7 12. Nbd2 Bd7 13. d5 c4 14. Nf1 Nb7 15. g4
Nc5 16. Ng3 g6 17. Nh2 Bc8 18. Bh6 Re8 19. Qd2 Kh8 20. f4 Ng8 21. f5 Nxh6 22.
Qxh6 Qd8 23. Nf3 Rg8 24. fxg6 fxg6 25. Rf1 Bf6 26. Rf2 a5 27. Raf1 Ra7 28. b4
cxb3 29. axb3 Rf7 30. g5 Bg7 31. Qh4 Rf4 32. Nxe5 dxe5 33. Rxf4 exf4 34. Ne2
Nd7 35. Rxf4 Ne5 36. Kg2 Rf8 37. Nd4 b4 38. c4 a4 39. bxa4 Nxc4 40. Nc6 Qd6 41.
Rxf8+ Qxf8 42. Qf2 Qxf2+ 43. Kxf2 Bc3 44. a5 b3 45. Bxb3 Nxa5 46. Nxa5 Bxa5 47.
h4 Bc7 48. Bd1 Kg7 49. Ke3 Be5 50. h5 Kf7 51. Be2 Ke7 52. hxg6 hxg6 53. Bb5 Bd7
54. Bd3 Kd6 55. Kf3 Kc5 56. Ba6 Kd4 57. Bb7 Ba4 0-1

[Event "12sen.WM-H Naumburg"]
[Site "Naumburg/Saale(20.10.-03.11.)"]
[Date "2002.10.24"]
[Round "4"]
[White "Gudat, Alfons"]
[Black "Ousatchi, Mark"]
[Result "1/2-1/2"]
[WhiteElo "2054"]
[BlackElo "2196"]
[PlyCount "72"]
[EventDate "2002.11.??"]

1. Nf3 d5 2. d4 Nf6 3. c4 c6 4. Nc3 a6 5. e3 b5 6. cxd5 cxd5 7. a3 Bg4 8. Be2
e6 9. O-O Nbd7 10. h3 Bxf3 11. Bxf3 Rc8 12. e4 dxe4 13. Nxe4 Nd5 14. Bg5 N7f6
15. Rc1 Be7 16. Rxc8 Qxc8 17. Nxf6+ gxf6 18. Bh6 Qd7 19. Qc2 Bf8 20. Bd2 Be7
21. Bxd5 Qxd5 22. Qc8+ Bd8 23. Qc5 Qxc5 24. dxc5 Kd7 25. b4 Kc6 26. Bc3 Be7 27.
Rd1 Rd8 28. Ra1 Rd3 29. Be1 Bd8 30. a4 bxa4 31. Rxa4 Rd1 32. Kf1 Kb5 33. Ra2
Bc7 34. Ke2 Rd5 35. Ra3 f5 36. Rd3 Kc4 1/2-1/2

[Event "12sen.WM-H Naumburg"]
[Site "Naumburg/Saale(20.10.-03.11.)"]
[Date "2002.10.24"]
[Round "4"]
[White "Hamm, Georg"]
[Black "Packroff, Hermann"]
[Result "0-1"]
[WhiteElo "2078"]
[BlackElo "2262"]
[PlyCount "48"]
[EventDate "2002.11.??"]

1. Nf3 Nf6 2. b3 g6 3. Bb2 Bg7 4. g3 O-O 5. Bg2 c5 6. O-O Nc6 7. c4 d6 8. d3
Bf5 9. h3 Qc8 10. Kh2 Ng4+ 11. hxg4 Bxb2 12. Nbd2 Bxa1 13. Qxa1 Bxg4 14. Rh1
Bxf3 15. Nxf3 Qe6 16. Kg1 Qf6 17. Qc1 Rab8 18. Ng5 Nd4 19. Kf1 h5 20. g4 Ne6
21. Ne4 Qf4 22. e3 Qxg4 23. Bh3 Qf3 24. Bxe6 Qxh1+ 0-1

[Event "12sen.WM-H Naumburg"]
[Site "Naumburg/Saale(20.10.-03.11.)"]
[Date "2002.10.24"]
[Round "4"]
[White "Har_Zahav, Avraham"]
[Black "Igney, Volkhard"]
[Result "0-1"]
[WhiteElo "2072"]
[BlackElo "2254"]
[PlyCount "66"]
[EventDate "2002.11.??"]

1. e4 c6 2. d4 d5 3. e5 Bf5 4. Nc3 a6 5. Be3 Qc7 6. g4 Bd7 7. f4 h5 8. g5 Bf5
9. Bd3 Bxd3 10. Qxd3 e6 11. O-O-O g6 12. Kb1 Ne7 13. Nge2 Nf5 14. Bf2 c5 15.
dxc5 Bxc5 16. Bxc5 Qxc5 17. Ne4 Qe7 18. Nf6+ Kf8 19. Nd4 Nxd4 20. Qxd4 Kg7 21.
Rd3 Rc8 22. f5 Qc5 23. Ne8+ Kf8 24. Qxc5+ Rxc5 25. fxg6 fxg6 26. Nd6 Nd7 27.
Rf1+ Kg8 28. Ne4 dxe4 29. Rxd7 Rxe5 30. Rff7 Rf5 31. Rg7+ Kf8 32. Kc1 Rd8 33.
Kd2 Rd5+ 0-1

[Event "12sen.WM-H Naumburg"]
[Site "Naumburg/Saale(20.10.-03.11.)"]
[Date "2002.10.24"]
[Round "4"]
[White "Hecht, Hans_Joachim"]
[Black "Krieger, Hermann"]
[Result "1/2-1/2"]
[WhiteElo "2390"]
[BlackElo "2237"]
[PlyCount "51"]
[EventDate "2002.11.??"]

1. d4 f5 2. g3 g6 3. Bg2 Nf6 4. c4 Bg7 5. Nc3 O-O 6. Nf3 d6 7. d5 Na6 8. O-O
Nc5 9. Be3 Nfe4 10. Nxe4 Nxe4 11. Bd4 e5 12. dxe6 Bxe6 13. Bxg7 Kxg7 14. Qc2
Qf6 15. Rad1 Rae8 16. Nd2 Nxd2 17. Rxd2 b6 18. Rc1 a5 19. Qc3 g5 20. f4 gxf4
21. gxf4 Rg8 22. Kf2 Kf7 23. Qxf6+ Kxf6 24. Bf3 Re7 25. b3 Rg6 26. h4 1/2-1/2

[Event "12sen.WM-H Naumburg"]
[Site "Naumburg/Saale(20.10.-03.11.)"]
[Date "2002.10.24"]
[Round "4"]
[White "Heyse, Juergen"]
[Black "Stock, Hugo"]
[Result "1/2-1/2"]
[WhiteElo "1560"]
[BlackElo "1684"]
[PlyCount "43"]
[EventDate "2002.11.??"]

1. d4 Nf6 2. Nf3 e6 3. e3 c5 4. Bd3 b6 5. Qe2 Bb7 6. Nbd2 Be7 7. O-O O-O 8. c3
d6 9. e4 Nbd7 10. Re1 a6 11. Nf1 b5 12. Ng3 Rc8 13. Bg5 e5 14. d5 h6 15. Bd2
Kh7 16. h3 Ng8 17. Be3 Nb6 18. b3 Re8 19. Nh2 Bf8 20. Rf1 Rc7 21. f4 f6 22. f5
1/2-1/2

[Event "12sen.WM-H Naumburg"]
[Site "Naumburg/Saale(20.10.-03.11.)"]
[Date "2002.10.24"]
[Round "4"]
[White "Hilburt, Leonid"]
[Black "Opl, Klaus_Dr"]
[Result "1/2-1/2"]
[WhiteElo "2068"]
[BlackElo "2279"]
[PlyCount "78"]
[EventDate "2002.11.??"]

1. e4 e5 2. Nf3 Nc6 3. Bb5 a6 4. Ba4 Nf6 5. O-O Nxe4 6. Bxc6 dxc6 7. Re1 Nc5 8.
Nxe5 Be7 9. d3 O-O 10. Nc3 f6 11. Nc4 Ne6 12. Ne2 c5 13. Nf4 Nd4 14. c3 Nc6 15.
Qf3 Rf7 16. Qd5 Qxd5 17. Nxd5 Bf5 18. Nxc7 Rd8 19. Ne3 Bxd3 20. Ncd5 Bf8 21.
Nf4 b5 22. Ne6 Re8 23. Nxf8 Kxf8 24. Bd2 f5 25. Nd5 Be4 26. Nf4 Ne5 27. f3 Bb7
28. Be3 Rc7 29. Rad1 Bxf3 30. gxf3 Nxf3+ 31. Kf2 Nxe1 32. Rxe1 Kf7 33. h4 Re4
34. Ng2 Rd7 35. Re2 c4 36. Bd4 Rxe2+ 37. Kxe2 Re7+ 38. Be3 g6 39. Kf3 Kg7
1/2-1/2

[Event "12sen.WM-H Naumburg"]
[Site "Naumburg/Saale(20.10.-03.11.)"]
[Date "2002.10.24"]
[Round "4"]
[White "Hobusch, Werner"]
[Black "Moschell, Hans_Helmut"]
[Result "1-0"]
[WhiteElo "2160"]
[BlackElo "1847"]
[PlyCount "79"]
[EventDate "2002.11.??"]

1. e4 c5 2. Nf3 d6 3. d4 cxd4 4. Nxd4 Nf6 5. Nc3 g6 6. Be3 Bg7 7. f3 Nc6 8. Qd2
a6 9. Bc4 O-O 10. O-O-O Qc7 11. Bb3 b5 12. Nxc6 Qxc6 13. Nd5 Qb7 14. Nxf6+ Bxf6
15. Bd5 Qb8 16. Bxa8 Qxa8 17. Bd4 e5 18. Be3 Be7 19. g4 Be6 20. Kb1 Rc8 21. h4
f6 22. Rh2 a5 23. g5 f5 24. Qg2 d5 25. h5 d4 26. Bc1 Kf7 27. hxg6+ hxg6 28.
Rh7+ Ke8 29. Qh2 Qc6 30. Rh8+ Bf8 31. Rd2 Qc7 32. Qh6 Qf7 33. b3 f4 34. Qh1 b4
35. Rdh2 Kd7 36. R2h7 Bg7 37. Rxg7 Qxg7 38. Rh7 Rg8 39. Rxg7+ Rxg7 40. Qh8 1-0

[Event "12sen.WM-H Naumburg"]
[Site "Naumburg/Saale(20.10.-03.11.)"]
[Date "2002.10.24"]
[Round "4"]
[White "Jaeger, Erich[30Neust]"]
[Black "Schlag, Franz"]
[Result "1/2-1/2"]
[WhiteElo "1837"]
[BlackElo "2155"]
[PlyCount "48"]
[EventDate "2002.11.??"]

1. d4 d5 2. c4 Nc6 3. e3 Nf6 4. cxd5 Qxd5 5. Nc3 Qa5 6. Bd2 e5 7. dxe5 Nxe5 8.
f4 Nc6 9. Nf3 a6 10. a3 Bg4 11. Be2 Rd8 12. O-O Qb6 13. b4 Be7 14. Qc2 O-O 15.
h3 Be6 16. Kh2 Nd5 17. Nxd5 Rxd5 18. e4 Rdd8 19. Bc3 f5 20. exf5 Bxf5 21. Qa2+
Kh8 22. Qb2 Bf6 23. Bc4 Bd3 24. Bxf6 Rxf6 1/2-1/2

[Event "12sen.WM-H Naumburg"]
[Site "Naumburg/Saale(20.10.-03.11.)"]
[Date "2002.10.24"]
[Round "4"]
[White "Jahr, Dieter"]
[Black "Barlo, Werner"]
[Result "1-0"]
[WhiteElo "2045"]
[BlackElo "1675"]
[PlyCount "73"]
[EventDate "2002.11.??"]

1. c4 e6 2. Nc3 Nf6 3. e4 Bb4 4. Nge2 Nc6 5. a3 Be7 6. d4 d5 7. e5 Ne4 8. cxd5
Nxc3 9. Nxc3 exd5 10. Be2 Be6 11. O-O O-O 12. f4 f5 13. b4 a6 14. Be3 Kh8 15.
Bf3 Nb8 16. g4 c6 17. Kh1 Nd7 18. Rg1 Nb6 19. Ra2 Nc4 20. Bc1 b5 21. Rag2 g6
22. gxf5 Bxf5 23. Bg4 Qd7 24. Ne2 a5 25. Bxf5 Qxf5 26. Ng3 Qe6 27. f5 gxf5 28.
Nh5 Rg8 29. Nf4 Qf7 30. e6 Qf6 31. Qh5 Rxg2 32. Rxg2 Rg8 33. Rxg8+ Kxg8 34.
Qe8+ Bf8 35. bxa5 Qxd4 36. Qf7+ Kh8 37. Qxf8# 1-0

[Event "12sen.WM-H Naumburg"]
[Site "Naumburg/Saale(20.10.-03.11.)"]
[Date "2002.10.24"]
[Round "4"]
[White "Joch, Horst"]
[Black "Bierbach, Utz_Friedrich"]
[Result "1/2-1/2"]
[WhiteElo "1654"]
[BlackElo "2043"]
[PlyCount "70"]
[EventDate "2002.11.??"]

1. e4 c5 2. Nf3 e6 3. d4 cxd4 4. Nxd4 Nf6 5. Bd3 Nc6 6. Nxc6 bxc6 7. O-O Qc7 8.
Be3 e5 9. c4 d6 10. Nc3 Be7 11. Qd2 h6 12. Ne2 Ng4 13. Ng3 Nxe3 14. Qxe3 Bg5
15. Qe2 g6 16. h3 h5 17. Rfe1 Be6 18. Nf1 Qd7 19. Nd2 h4 20. Rad1 Bf4 21. Qf3
g5 22. Be2 Ke7 23. Nf1 g4 24. hxg4 Rag8 25. Ne3 Bxe3 26. Qxe3 Bxg4 27. Bxg4
Rxg4 28. c5 Rhg8 29. cxd6+ Ke8 30. Qb3 Kf8 31. Qh3 Rxg2+ 32. Qxg2 Rxg2+ 33.
Kxg2 Qg4+ 34. Kh2 Qf4+ 35. Kg2 Qg4+ 1/2-1/2

[Event "12sen.WM-H Naumburg"]
[Site "Naumburg/Saale(20.10.-03.11.)"]
[Date "2002.10.24"]
[Round "4"]
[White "Just, Joachim"]
[Black "Simon, Eberhard"]
[Result "1-0"]
[WhiteElo "2149"]
[BlackElo "1819"]
[PlyCount "65"]
[EventDate "2002.11.??"]

1. e3 c6 2. b3 d5 3. Bb2 Bf5 4. f4 Nf6 5. Nf3 Nbd7 6. Be2 e6 7. O-O h6 8. Ne5
Qc7 9. c4 Bd6 10. d4 dxc4 11. Nxc4 Be7 12. Nc3 O-O-O 13. Bf3 Bb4 14. Rc1 Nc5
15. Ne5 Bxc3 16. Bxc3 Nce4 17. Qe1 Nxc3 18. Qxc3 Ne4 19. Bxe4 Bxe4 20. b4 f6
21. Nc4 Kb8 22. Rf2 Rd7 23. Nd2 Bh7 24. Nb3 Rd5 25. Nc5 e5 26. dxe5 fxe5 27. e4
Bxe4 28. Nxe4 exf4 29. Nc5 Re8 30. Re1 Rxe1+ 31. Qxe1 g5 32. Re2 a6 33. Re7 1-0

[Event "12sen.WM-H Naumburg"]
[Site "Naumburg/Saale(20.10.-03.11.)"]
[Date "2002.10.24"]
[Round "4"]
[White "Kachar, Vladimir"]
[Black "Maugg, Ludwig"]
[Result "1-0"]
[WhiteElo "2373"]
[BlackElo "2142"]
[PlyCount "167"]
[EventDate "2002.11.??"]

1. c4 c5 2. Nf3 Nc6 3. d4 cxd4 4. Nxd4 g6 5. e4 Bg7 6. Be3 Nf6 7. Nc3 Ng4 8.
Qxg4 Nxd4 9. Qd1 Ne6 10. Qd2 d6 11. Be2 Qa5 12. Rc1 Bd7 13. O-O Bc6 14. f3 g5
15. Rfd1 Qe5 16. Bf1 b6 17. Qf2 O-O 18. Nd5 Bxd5 19. exd5 Nf4 20. Rd2 Qf5 21.
g3 Ng6 22. Bd3 Qf6 23. Be4 Ne5 24. Kg2 Rac8 25. b3 g4 26. f4 Nd7 27. Qe2 h5 28.
Bd4 Qh6 29. Bxg7 Kxg7 30. Bf5 Rcd8 31. Bxd7 Rxd7 32. Rc3 Qf6 33. Re3 Re8 34.
Qd1 Qf5 35. Rde2 Qf6 36. Qe1 Kf8 37. Re4 Rc7 38. Qd2 Kg7 39. Qb4 Kf8 40. R4e3
Rec8 41. Rd3 Rb8 42. Rd1 Kg7 43. Rde1 Rh8 44. Qd2 h4 45. Qb2 Qxb2 46. Rxb2 h3+
47. Kf2 f5 48. Rbe2 Kf7 49. Re6 a5 50. Ke3 Rg8 51. Rh6 Rg6 52. Rh5 Rf6 53. Rh8
Rb7 54. Kd4 Kg7 55. Ra8 Kf7 56. a3 Rg6 57. Rh8 Kg7 58. Rc8 Rf6 59. Re8 Kf7 60.
Ra8 Rg6 61. Ra6 Rg8 62. b4 axb4 63. axb4 Rc8 64. Rc1 Kf6 65. Rc3 Kf7 66. Rc2
Kg7 67. Kd3 Kf7 68. Rc3 Kg7 69. Kc2 Kf7 70. Kb3 Kg7 71. Ka4 b5+ 72. Kb3 bxc4+
73. Rxc4 Rc5 74. Ra7 Rxa7 75. bxc5 dxc5 76. Rxc5 Rb7+ 77. Kc3 Rb1 78. d6 exd6
79. Rxf5 Rh1 80. Rg5+ Kf6 81. Rxg4 Rxh2 82. Rh4 Kf5 83. Kd3 Rg2 84. Rxh3 1-0

[Event "12sen.WM-H Naumburg"]
[Site "Naumburg/Saale(20.10.-03.11.)"]
[Date "2002.10.24"]
[Round "4"]
[White "Kaiser, Hans[35BGladb]"]
[Black "Heinemann, Klaus_Detlef"]
[Result "1-0"]
[WhiteElo "1639"]
[BlackElo "1458"]
[PlyCount "133"]
[EventDate "2002.11.??"]

1. e4 Nc6 2. d4 e6 3. Nf3 Nf6 4. Nc3 Bb4 5. Bd3 O-O 6. O-O Be7 7. Re1 Nb4 8.
Be2 d6 9. a3 Nc6 10. b4 a6 11. Bd3 e5 12. d5 Nd4 13. Nxd4 exd4 14. Ne2 Bg4 15.
f3 Bh5 16. Bb2 c5 17. dxc6 bxc6 18. Bxd4 c5 19. Bf2 Nd7 20. Nf4 Bg6 21. Nd5 Bf6
22. Nxf6+ Qxf6 23. Bc4 Ne5 24. Bd5 Rab8 25. bxc5 dxc5 26. Bxc5 Rfd8 27. Qe2 Nd7
28. Ba7 Rb2 29. Rab1 h5 30. Qf2 Rxb1 31. Rxb1 Qc3 32. Rb3 Qa1+ 33. Qf1 Qf6 34.
c4 Rc8 35. Rb7 Ne5 36. Rb6 Qf4 37. Rxa6 h4 38. h3 Bh5 39. Qf2 Nxc4 40. Rc6 Rxc6
41. Bxc6 g5 42. Bd5 Nxa3 43. Be3 Qf6 44. Bd4 Qf4 45. Qe3 Qg3 46. Qf2 Qb8 47.
Qd2 Qb1+ 48. Kf2 Qc2 49. Be3 Kg7 50. Qxc2 Nxc2 51. Bxg5 f6 52. Bxh4 Be8 53. Bg3
Kg6 54. Bd6 Bb5 55. f4 Nd4 56. g4 Bc6 57. Bxc6 Nxc6 58. Ke3 Nd8 59. h4 Nf7 60.
h5+ Kg7 61. Be7 Nh6 62. Bxf6+ Kf7 63. g5 Ng8 64. e5 Kf8 65. h6 Nxf6 66. exf6
Kf7 67. h7 1-0

[Event "12sen.WM-H Naumburg"]
[Site "Naumburg/Saale(20.10.-03.11.)"]
[Date "2002.10.24"]
[Round "4"]
[White "Karol, Wolfgang"]
[Black "Olsen, Willy"]
[Result "0-1"]
[WhiteElo "1630"]
[BlackElo "1842"]
[PlyCount "76"]
[EventDate "2002.11.??"]

1. d4 d5 2. c4 e5 3. dxe5 d4 4. e3 Bb4+ 5. Bd2 dxe3 6. fxe3 Bxd2+ 7. Qxd2 Qxd2+
8. Nxd2 Ne7 9. Bd3 O-O 10. Ngf3 Nbc6 11. a3 Ng6 12. O-O Ngxe5 13. Nxe5 Nxe5 14.
Bc2 Rd8 15. Rad1 Bg4 16. Nf3 Nxc4 17. Bb3 Bxf3 18. Rxd8+ Rxd8 19. Bxc4 Bh5 20.
Rf5 Bg6 21. Rd5 Rxd5 22. Bxd5 c6 23. Bf3 Kf8 24. Kf2 Ke7 25. Ke2 Kd6 26. Kd2
Ke5 27. Be2 Be4 28. Bf1 g5 29. g4 Bf3 30. Be2 Bxe2 31. Kxe2 Ke4 32. Kd2 Kf3 33.
Kd3 Kxg4 34. Ke4 f5+ 35. Ke5 f4 36. exf4 gxf4 37. h3+ Kg3 38. h4 f3 0-1

[Event "12sen.WM-H Naumburg"]
[Site "Naumburg/Saale(20.10.-03.11.)"]
[Date "2002.10.24"]
[Round "4"]
[White "Katalymov, Boris"]
[Black "Karasev, Vladimir"]
[Result "0-1"]
[WhiteElo "2378"]
[BlackElo "2450"]
[PlyCount "114"]
[EventDate "2002.11.??"]

1. e4 c5 2. Nf3 e6 3. d4 cxd4 4. Nxd4 a6 5. Nc3 Qc7 6. g3 Bb4 7. Nde2 Nf6 8.
Bg2 d6 9. O-O Nbd7 10. Na4 e5 11. a3 Bc5 12. Nxc5 Nxc5 13. Nc3 Be6 14. Bg5 Ncd7
15. Qd2 h6 16. Be3 Nb6 17. b3 Rc8 18. Na2 Nbd7 19. Rfd1 Qxc2 20. Qxd6 Rc6 21.
Qb4 Qxb3 22. Qe1 Rc4 23. Bf1 Rxe4 24. Rdb1 Rxe3 25. fxe3 Qa4 26. Nc3 Qc6 27.
Bg2 e4 28. Ne2 O-O 29. Nd4 Qd5 30. Qb4 Qg5 31. Qd2 Nc5 32. Rc1 Nb3 33. Nxb3
Bxb3 34. Rab1 Qd5 35. Qb4 Ba2 36. Rc5 Qd3 37. Re1 b5 38. Bf1 Qd7 39. Rec1 Re8
40. Rc7 Qf5 41. Qc5 Re5 42. Qc2 Be6 43. Ra7 Ng4 44. Qe2 Bc4 45. Qe1 Bxf1 46.
Qxf1 Qh5 47. Rc8+ Kh7 48. Qxf7 Qxh2+ 49. Kf1 Nxe3+ 50. Ke1 Qxg3+ 51. Ke2 Nf5
52. Qg8+ Kg6 53. Rxa6+ Kh5 54. Qf7+ g6 55. Rd8 e3 56. Rd1 Qg4+ 57. Ke1 e2 0-1

[Event "12sen.WM-H Naumburg"]
[Site "Naumburg/Saale(20.10.-03.11.)"]
[Date "2002.10.24"]
[Round "4"]
[White "Keze, Arnis"]
[Black "Hohler, Peter"]
[Result "0-1"]
[WhiteElo "2046"]
[BlackElo "2210"]
[PlyCount "146"]
[EventDate "2002.11.??"]

1. d4 Nf6 2. c4 e6 3. Nf3 Bb4+ 4. Bd2 Bxd2+ 5. Nbxd2 d5 6. e3 O-O 7. Rc1 Nbd7
8. cxd5 exd5 9. Bd3 Re8 10. Qe2 c6 11. O-O Qe7 12. Rfe1 Ne4 13. Nf1 Nf8 14. Ng3
Ng6 15. Nd2 Nxg3 16. hxg3 Bd7 17. Nf1 Rad8 18. f4 Nf8 19. Qf2 Bc8 20. Nh2 Nd7
21. Qf3 Nf6 22. g4 Ne4 23. Nf1 Rd6 24. g3 Rg6 25. f5 Rg5 26. Re2 g6 27. fxg6
fxg6 28. Nh2 Rf8 29. Qg2 Bxg4 30. Nxg4 Rxg4 31. Bxe4 Rxe4 32. Rce1 Qe6 33. Rf2
Rxf2 34. Qxf2 Qe7 35. Kg2 Re6 36. Qf4 Kg7 37. a3 Rf6 38. Qh4 Qe4+ 39. Qxe4 dxe4
40. Rc1 h5 41. b4 Rf3 42. b5 Rxe3 43. bxc6 bxc6 44. Rxc6 Rxa3 45. d5 Rd3 46. d6
Kf6 47. Ra6 Rd2+ 48. Kf1 Kf5 49. Ke1 e3 50. Rxa7 Rxd6 51. Ra4 Rd2 52. Rf4+ Ke5
53. Rf3 Kd4 54. Rf6 Rg2 55. Rd6+ Ke4 56. Rxg6 Kf3 57. Rf6+ Kxg3 58. Rg6+ Kf3
59. Rf6+ Ke4 60. Re6+ Kf4 61. Rf6+ Ke5 62. Rh6 Rg5 63. Ke2 Kf4 64. Rf6+ Kg3 65.
Rf3+ Kg2 66. Rxe3 h4 67. Ke1 h3 68. Re2+ Kg1 69. Kd1 h2 70. Re1+ Kg2 71. Re2+
Kh3 72. Re3+ Rg3 73. Re1 Rg1 0-1

[Event "12sen.WM-H Naumburg"]
[Site "Naumburg/Saale(20.10.-03.11.)"]
[Date "2002.10.24"]
[Round "4"]
[White "Khanukov, Boris"]
[Black "Krueger, Erich"]
[Result "1-0"]
[WhiteElo "2370"]
[BlackElo "2223"]
[PlyCount "55"]
[EventDate "2002.11.??"]

1. d4 Nf6 2. c4 g6 3. Nc3 Bg7 4. e4 d6 5. f3 O-O 6. Be3 b6 7. Qd2 c5 8. Nge2
Nc6 9. d5 Ne5 10. Ng3 e6 11. Be2 exd5 12. cxd5 a6 13. a4 Re8 14. O-O Rb8 15. h3
h5 16. Bg5 Qc7 17. f4 Ned7 18. e5 Nh7 19. e6 Bd4+ 20. Kh1 fxe6 21. dxe6 Ndf6
22. f5 Nxg5 23. Qxg5 Qg7 24. Bc4 Bb7 25. fxg6 Bxc3 26. bxc3 Ne4 27. Nxe4 Bxe4
28. e7+ 1-0

[Event "12sen.WM-H Naumburg"]
[Site "Naumburg/Saale(20.10.-03.11.)"]
[Date "2002.10.24"]
[Round "4"]
[White "Klebaner, Yakov"]
[Black "Glende, Siegfried"]
[Result "1-0"]
[WhiteElo "2041"]
[BlackElo "1708"]
[PlyCount "84"]
[EventDate "2002.11.??"]

1. e4 e6 2. d4 d5 3. e5 c5 4. c3 Nc6 5. Nf3 Bd7 6. Be2 Qb6 7. O-O Rc8 8. b3
cxd4 9. cxd4 Nge7 10. Bb2 Ng6 11. g3 Be7 12. h4 O-O 13. Nc3 f5 14. h5 Nh8 15.
Kg2 h6 16. Rc1 Nf7 17. Na4 Qc7 18. Nc5 b6 19. Nd3 Bg5 20. Nxg5 hxg5 21. Ba3
Rfe8 22. Qd2 Qd8 23. Ne1 Kh7 24. g4 g6 25. hxg6+ Kxg6 26. Ba6 Rb8 27. Rh1 Rh8
28. gxf5+ exf5 29. Nc2 Rxh1 30. Rxh1 Qe8 31. Bd3 Nh6 32. Bc1 Qe6 33. Qe2 Rh8
34. Qh5+ Kg7 35. Bxg5 Nf7 36. Bf6+ Qxf6 37. exf6+ Kxf6 38. Qxh8+ Nxh8 39. Rxh8
Ne7 40. Rd8 Be6 41. Rf8+ Kg7 42. Ra8 Nc6 1-0

[Event "12sen.WM-H Naumburg"]
[Site "Naumburg/Saale(20.10.-03.11.)"]
[Date "2002.10.24"]
[Round "4"]
[White "Klempt, Guenter"]
[Black "Haupt, Joachim"]
[Result "1/2-1/2"]
[WhiteElo "2069"]
[BlackElo "1745"]
[PlyCount "38"]
[EventDate "2002.11.??"]

1. d4 Nf6 2. Nf3 g6 3. Bg5 Bg7 4. c3 d6 5. Nbd2 b5 6. e4 a6 7. Bd3 O-O 8. O-O
Nbd7 9. e5 dxe5 10. dxe5 Ne8 11. Be4 Rb8 12. Nd4 Nxe5 13. f4 c5 14. fxe5 cxd4
15. Nf3 Bb7 16. Bxb7 Rxb7 17. cxd4 f6 18. exf6 exf6 19. Bh4 Qd5 1/2-1/2

[Event "12sen.WM-H Naumburg"]
[Site "Naumburg/Saale(20.10.-03.11.)"]
[Date "2002.10.24"]
[Round "4"]
[White "Kloos, Gerhard"]
[Black "Knobling, Rolf"]
[Result "1-0"]
[WhiteElo "1672"]
[BlackElo "1474"]
[PlyCount "79"]
[EventDate "2002.11.??"]

1. d4 d5 2. c4 e6 3. Nc3 Nf6 4. e3 Be7 5. Nf3 O-O 6. Bd3 b6 7. O-O Bb7 8. cxd5
exd5 9. Ne5 Nbd7 10. Qc2 h6 11. f4 c5 12. Bf5 Rc8 13. Rf3 cxd4 14. exd4 Bb4 15.
Rh3 Bxc3 16. bxc3 Rc7 17. Ba3 Re8 18. Bd6 Rc8 19. Qa4 Nb8 20. Bxb8 Rxb8 21.
Qxa7 Re7 22. Qa3 g6 23. Bc2 Kg7 24. Qc1 Nd7 25. Rg3 Nxe5 26. fxe5 Bc8 27. Qf4
Re6 28. Rf1 Qe7 29. h4 Ba6 30. Rf2 b5 31. Rgf3 Rb7 32. Qg4 Rc7 33. Rxf7+ Qxf7
34. Rxf7+ Kxf7 35. h5 g5 36. Qf5+ Ke7 37. Qh7+ Kd8 38. Qg8+ Ke7 39. Bf5 Rec6
40. Qg7+ 1-0

[Event "12sen.WM-H Naumburg"]
[Site "Naumburg/Saale(20.10.-03.11.)"]
[Date "2002.10.24"]
[Round "4"]
[White "Klose, Hans_Peter"]
[Black "Kraemer, Marianne"]
[Result "1-0"]
[WhiteElo "1547"]
[BlackElo "1480"]
[PlyCount "108"]
[EventDate "2002.11.??"]

1. Nf3 g6 2. d4 d5 3. c4 c6 4. Nc3 Bg7 5. e3 Nf6 6. Be2 O-O 7. O-O e6 8. b3 Re8
9. Bb2 Nbd7 10. Qc2 b6 11. Rfe1 Bb7 12. e4 dxe4 13. Nxe4 Nxe4 14. Qxe4 Qc7 15.
Qc2 Rac8 16. c5 bxc5 17. dxc5 Bxb2 18. Qxb2 Nxc5 19. Rac1 Nd7 20. Rcd1 Nf6 21.
h4 Nd5 22. g3 Qe7 23. Ng5 Qf6 24. Qxf6 Nxf6 25. Nf3 Nd5 26. Ne5 Rcd8 27. Rc1
Ne7 28. Red1 Rxd1+ 29. Rxd1 Nd5 30. Rd2 Kg7 31. Bc4 Re7 32. a3 f6 33. Nd3 Nb6
34. Nc5 Nxc4 35. bxc4 Bc8 36. Rd6 Rc7 37. Rxe6 Kf7 38. Rd6 Ke7 39. Rd2 Kf7 40.
Rd6 Ke7 41. Rd4 Kf7 42. Kg2 Ke7 43. Re4+ Kf7 44. Rd4 Ke7 45. f3 f5 46. Kf2 Kf7
47. g4 Ke7 48. Kg3 Kf7 49. Kf4 fxg4 50. fxg4 h6 51. g5 hxg5+ 52. hxg5 Bf5 53.
Rd6 a6 54. Nxa6 Bc8 1-0

[Event "12sen.WM-H Naumburg"]
[Site "Naumburg/Saale(20.10.-03.11.)"]
[Date "2002.10.24"]
[Round "4"]
[White "Klovans, Janis"]
[Black "Jugow, Alexander"]
[Result "1/2-1/2"]
[WhiteElo "2417"]
[BlackElo "2242"]
[PlyCount "104"]
[EventDate "2002.11.??"]

1. e4 c5 2. Nf3 Nc6 3. d4 cxd4 4. Nxd4 Nf6 5. Nc3 e5 6. Ndb5 d6 7. Bg5 a6 8.
Na3 b5 9. Bxf6 gxf6 10. Nd5 f5 11. Bd3 Be6 12. O-O Bxd5 13. exd5 Ne7 14. c3 e4
15. Be2 Bg7 16. Nc2 Ng6 17. a4 bxa4 18. Rxa4 Qg5 19. g3 Be5 20. Kh1 Rg8 21. Ne1
Qh6 22. Bxa6 Kf8 23. f4 Nxf4 24. gxf4 Bxf4 25. Qe2 Rg4 26. Rf2 Qh4 27. Rxf4
Rxf4 28. Ng2 Qf2 29. Nxf4 Qxf4 30. Ra1 Qe5 31. Rd1 f4 32. Bc4 Ke7 33. Qg4 h5
34. Qh4+ Kd7 35. Be2 f3 36. Qh3+ Kc7 37. Bxf3 exf3 38. Qxf3 f6 39. Rf1 Ra2 40.
Qg2 h4 41. h3 f5 42. Rg1 Kb6 43. Rb1 Qe4 44. Qxe4 fxe4 45. Re1 Kc5 46. Rxe4
Rxb2 47. Rxh4 Kxd5 48. Rd4+ Ke5 49. h4 Rc2 50. Rd3 Kf5 51. h5 Kg5 52. Rh3 Kg4
1/2-1/2

[Event "12sen.WM-H Naumburg"]
[Site "Naumburg/Saale(20.10.-03.11.)"]
[Date "2002.10.24"]
[Round "4"]
[White "Klundt, Klaus"]
[Black "Dahlhaus, Friedhelm"]
[Result "1/2-1/2"]
[WhiteElo "2385"]
[BlackElo "2233"]
[PlyCount "35"]
[EventDate "2002.11.??"]

1. e4 e5 2. Nf3 Nc6 3. Bb5 Nf6 4. d4 exd4 5. O-O Be7 6. Re1 O-O 7. e5 Nd5 8.
Nxd4 Nxd4 9. Qxd4 c6 10. Bc4 Nb6 11. Bf4 d5 12. exd6 Bf6 13. Be5 Bxe5 14. Rxe5
Nxc4 15. Qxc4 Qxd6 16. Qc3 Be6 17. Nd2 Rfd8 18. Nf3 1/2-1/2

[Event "12sen.WM-H Naumburg"]
[Site "Naumburg/Saale(20.10.-03.11.)"]
[Date "2002.10.24"]
[Round "4"]
[White "Koerver, Erich"]
[Black "Will, Michael"]
[Result "0-1"]
[WhiteElo "1723"]
[BlackElo "2077"]
[PlyCount "154"]
[EventDate "2002.11.??"]

1. e4 c6 2. Nf3 g6 3. Bc4 d5 4. exd5 cxd5 5. Bb3 Nc6 6. d4 Bg7 7. O-O Nf6 8.
Ne5 O-O 9. c3 Ne4 10. Qe2 e6 11. Nxc6 bxc6 12. Nd2 Nd6 13. Re1 a5 14. Ba4 Qb6
15. b3 Ba6 16. Qd1 c5 17. Nf3 Rfc8 18. Be3 Nf5 19. Rc1 Nxe3 20. fxe3 Bb5 21.
Bxb5 Qxb5 22. c4 dxc4 23. Rxc4 cxd4 24. Nxd4 Qd5 25. Rxc8+ Rxc8 26. Nf3 Qc5 27.
Qd2 h6 28. Rd1 g5 29. Qd3 Bf6 30. Qe2 Qf5 31. Qd3 Rd8 32. Qe2 Rxd1+ 33. Qxd1
Bc3 34. h3 g4 35. hxg4 Qxg4 36. Qd8+ Kg7 37. Qd3 Bf6 38. Qd2 Qf5 39. Nd4 Qd5
40. Nf3 Qf5 41. Nd4 Qc5 42. Nf3 e5 43. g3 e4 44. Nh2 Bc3 45. Qe2 f5 46. Nf1 Bf6
47. Kf2 Bg5 48. Nd2 Qc2 49. Nc4 Qb1 50. Qb2+ Qxb2+ 51. Nxb2 Bf6 52. Nc4 Bc3 53.
Kg2 Kg6 54. Kh3 Kg5 55. Nb6 Bd2 56. Nd5 Kg6 57. a3 Kf7 58. b4 Ke6 59. Nf4+ Kd6
60. Ng2 a4 61. Kh4 Bc1 62. Kh5 Bxa3 63. Ne1 Bxb4 64. Nc2 Bc3 65. Kxh6 Bb2 66.
Kg5 Ke5 67. Nb4 a3 68. g4 fxg4 69. Kxg4 Bc1 70. Na2 Bxe3 71. Kg3 Bd2 72. Kf2
Kd4 73. Ke2 e3 74. Kd1 Kd3 75. Nc1+ Bxc1 76. Kxc1 e2 77. Kb1 e1=Q+ 0-1